Music Quiz

Random Music or Country Music Quiz

Carrie Underwood Songs Quiz Stats

 Plays Quiz not verified by Sporcle

Score 0/35 Timer 10:00
0 Plays Today
Lyrics Song Title % Correct
I dug my key into the side of his pretty little souped-up four wheel drive, carved my name into his leather seat.Before He Cheats
83.1%
She was driving last Friday on her way to Cincinnati on a snow white Christmas Eve, going home to see her Mama and her Daddy with the baby in the backseat.Jesus, Take The Wheel
83.1%
But now, he's wrapped around her finger. She's the center of his whole world.All-American Girl
77.7%
He's the devil in disguise, a snake with blue eyes and he only comes out at night. Gives you feelings that you don't want to fight, you better run for your life.Cowboy Casanova
77.5%
Today I woke up thinkin' 'bout Elvis somewhere in Vegas, I'm not sure how I got here or how this ring on my left hand just appeared.Last Name
75.3%
It's not where I belong, windows and rooms that I'm passing through. This was just a stop on the way to where I'm going.Temporary Home
73.5%
Baby, why'd you leave me? Why'd you have to go? I was countin' on forever, now I'll never know. I can't eveven breathe.Just a Dream
71.9%
Play on when you're losing the game. Play on 'cause you're gonna make mistakes. It's always worth the sacrafice even when you think you're wrong.Play On
70%
Sometimes that mountain you've been climbing is just a grain of sand, and what you've been out there searching for forever is in you hands.So Small
69.5%
I told you some day you come crawling back and asking me to take you in. I told you so, but you had to go, now I found somebody new and you will never break my heart in two again.I Told You So
66.9%
We were loadin' up that Chevy both tryin' not to cry, Momma kept on talkin', puttin' off goodbye.Don't Forget to Remember Me
66.2%
He makes promises he keeps, no he's never gonna leave so don't you worry about me.Mama's Song
66.1%
Even hearts like mine get lucky, lucky sometimes, even hearts like mine.Some Hearts
65.8%
Another glass of whiskey but it still doesn't kill the pain, so he stumbles to the sink and pours it down the drain.Wasted
65.2%
Now your photos don't have a picture frame and I never say your name, and I never will and all your things, well, I threw them in the trash, and I'm not even sad.Undo It
57.6%
I'm thankful, for every break in my heart, I'm grateful, for every time. Some pages tuned, some bridges burnedLessons Learned
56.6%
The world's so big it can break your heart and you just want to help not sure where to start. So you close your eyes, and send up a prayer into the dark. You're just a fool...Change
49.6%
Take me to the place you cry from, where the storm blows your way. I wanna be the earth that holds you, every bit of air you're breathing in, a soothin' wind.Inside Your Heaven
49.6%
Lyrics Song Title % Correct
Here's to you longshots, you dark horse runners, hairbrush singers and dashboard drummers. Here's to you wild magnolias just waitin' to bloom.Crazy Dreams
47.5%
I guess it's gonna have to hurt, I guess I'm gonna have to cry and let go of some of the things I've loved to get to the other side.Starts With Goodbye
47%
Yeah, even I'm suprised how easy sweet revenge rolls off my lips.Songs Like This
46.7%
Here with you I feel it, I close my eyes and see it. In a midnight talk, in a morning kiss, when I'm in your arms, that's where it isThat's Where It Is
46.2%
If I told you once, I told you a thousand times, you can't knock me off my feet when I'm already on my knees.Flat on the Floor
45.9%
Somehow I'll move on baby, just like you. When the desert floods and the grass turns blue, when a sailing ship doesn't need her moon. It'll break my heart, but I'll get through.Someday When I Stop Loving You
45.2%
Don't need directions, don't need a map. If we get lost I'll be good with that. Yeah, we'll find a way to make time pass. Window rolled down with the heat on high...Get Out of This Town
44.6%
It's not like I'm not tryin' 'cause I'll give anyone a shot once. And I close my eyes, andThe More Boys I Meet
44.2%
I've fallen like a fool for you. Darling can't you see I'd do anything you want me to. I tell myself I'm gettin in too deep then I fall a little farther everytime you look at me.Look at Me
43.4%
I'm in a world so wide, it makes me feel small sometimes. I miss the big blue skies, the Oklahoma kind.I Ain't In Checotah Anymore
41.9%
I'm not sorry that it's over, but for the way we let it end. So I said all I had to say in the letters that I threw away.What Can I Say?
40.4%
Everybody's tellin' me I'm over my head, but they don't feel you're lovin' me. They all say that I've gone crazy. Maybe, but it's too late now to save me, I'm to tanlged.Twisted
40%
Remember how we held our heads so high, when all this world was there for us and we believe that we could touch the sky.Whenever You Remember
39.1%
You can hold any girl that you like, fall in love when it's easy at night, but you wake up wondering why she ain't ever something better.You Won't Find This
38.6%
In the blink of an eye, it can change your life and it never slows down.Wheel of the World
35.5%
When I believe that nothing lasts forever you stay with me, keeping us together and make me feel like I never wanna give you up.Quitter
35.2%
We'll party down on Main Street wearing next to nothing feeling every heart beat.We're Young and Beautiful
34%

You're not logged in!

Compare scores with friends on all Sporcle quizzes.
OR
Log In

Show Comments

Extras

Top Quizzes Today


Score Distribution

Your Account Isn't Verified!

In order to create a playlist on Sporcle, you need to verify the email address you used during registration. Go to your Sporcle Settings to finish the process.

Report this User

Report this user for behavior that violates our Community Guidelines.

Details: